| 000 | 00500nam a22001697a 4500 | ||
|---|---|---|---|
| 005 | 20240314124930.0 | ||
| 008 | 240314b |||||||| |||| 00| 0 eng d | ||
| 022 | _a02577747 | ||
| 041 | _aAfrikaans / English | ||
| 082 | _a349 TYD | ||
| 100 | _lAfrikaans / English | ||
| 245 | _aTydskirf vir die Suid-Afrikaanse Reg | ||
| 260 |
_aKaapstad : _bJuta en Kie Beperk, _c2015 |
||
| 300 |
_b219 blaadyse ; _c25 cm. |
||
| 650 |
_aLegal practice _bLaw |
||
| 942 |
_cCR _6ALISON_BN_VRIES |
||
| 999 |
_c1450 _d1450 |
||